[Event "AUTO-OPEN-1943"]
[Site "http://www.queenalice.com/game.php?id=759804"]
[Date "2010.4.12"]
[Round "1"]
[White "XaraX"]
[Black "ccjr"]
[Result "1-0"]
[WhiteElo "1844"]
[BlackElo "1466"]

1. d4 Nf6 2. c4 Nc6 3. Nf3 d5 4. cxd5 Qxd5 5. e3 e5 6. Nc3 Qd8 7. Nxe5 Nxe5 8.
dxe5 Ng4 9. Qxd8+ Kxd8 10. Be2 Bb4 11. Bd2 Be6 12. a3 Bc5 13. Bxg4 Bxg4 14. O-O
Re8 15. b4 Be7 16. h3 Be6 17. Rad1 a6 18. e4 Bb3 19. Be3+ Bxd1 20. Rxd1+ Kc8 21.
f4 f6 22. e6 b5 23. f5 Kb7 24. Rd7 Rad8 25. Rxd8 Rxd8 26. Nd5 Bd6 27. Kf2 c6 28.
Nf4 g5 29. Nh5 Rc8 30. Nxf6 h6 31. Ng4 c5 32. e5 Be7 33. Nxh6 cxb4 34. axb4 Rc2+
35. Kg3 Rc3 36. Kf3 Bxb4 37. f6 Bc5 38. Nf5 Kc7 39. f7 Kd8 40. g3 b4 41. Ke4 b3
42. Bxc5 Rxc5 43. f8=Q+ Kc7 44. Qxc5+ 1-0

[Event "AUTO-OPEN-1943"]
[Site "http://www.queenalice.com/game.php?id=759805"]
[Date "2010.4.12"]
[Round "1"]
[White "ccjr"]
[Black "XaraX"]
[Result "0-1"]
[WhiteElo "1429"]
[BlackElo "1928"]

1. h3 e5 2. e4 f5 3. Nc3 d6 4. Nf3 fxe4 5. Nxe4 Nf6 6. Nc3 Nc6 7. Bb5 Bd7 8. d4
exd4 9. Qxd4 Nxd4 10. Nxd4 Bxb5 11. Ndxb5 Qd7 12. O-O a6 13. Re1+ Be7 14. Nd4
O-O-O 15. g4 Rde8 16. Nf5 g6 17. Ng7 Ref8 18. Ne6 Nh5 19. Nxf8 Rxf8 20. gxh5 Bh4
21. Bh6 Rxf2 22. Re4 Qxh3 23. Bf4 Qg2# 0-1

[Event "AUTO-OPEN-1943"]
[Site "http://www.queenalice.com/game.php?id=759816"]
[Date "2010.4.12"]
[Round "1"]
[White "ccjr"]
[Black "elche"]
[Result "1-0"]
[WhiteElo "1425"]
[BlackElo "1882"]

1. a3 g6 2. e4 Bg7 3. d4 d6 4. Nf3 Nf6 5. Nc3 O-O 6. e5 dxe5 7. dxe5 Qxd1+ 8.
Nxd1 Nfd7 9. Bb5 Nxe5 10. O-O Nxf3+ 11. gxf3 a6 12. Bd3 Nc6 13. Ne3 Bh3 14. Ng2
Ne5 15. f4 Nxd3 16. cxd3 e5 17. fxe5 Bxe5 18. Rb1 Bf5 19. Rd1 Rfd8 20. Bg5 Rxd3
21. Nf4 Rxd1+ 22. Rxd1 f6 23. Bh6 Bxf4 24. Bxf4 c6 25. b4 a5 26. Bc7 axb4 27.
axb4 Rc8 28. Bd6 Kf7 29. f4 Rd8 30. Kg2 Be4+ 31. Kg3 Rd7 32. Rd4 f5 33. Bc5 Rxd4
34. Bxd4 Ke6 35. Kh4 Kf7 36. Kg5 Kg8 37. h4 b5 38. Kh6 Bf3 39. Kg5 Bh5 40. Kh6
Bg4 41. Kg5 Kf7 42. Kh6 Kg8 43. Kg5 Kf7 44. Kh6 Bh5 45. Kxh7 Ke6 46. Kh6 Kd5 47.
Bc5 Bf3 48. Kxg6 Bg4 49. h5 Bxh5+ 50. Kxh5 Ke4 51. Bd6 Kd5 52. Bc5 Ke4 53. Kg5
Kf3 54. Kxf5 1-0

[Event "AUTO-OPEN-1943"]
[Site "http://www.queenalice.com/game.php?id=759817"]
[Date "2010.4.12"]
[Round "1"]
[White "elche"]
[Black "ccjr"]
[Result "1-0"]
[WhiteElo "1825"]
[BlackElo "1427"]

1. e4 Nf6 2. e5 Ne4 3. d4 d5 4. f3 Ng5 5. Bxg5 h6 6. Bh4 Bf5 7. Bd3 e6 8. Bxd8
Kxd8 9. Bxf5 exf5 10. f4 Bb4+ 11. c3 Be7 12. Nf3 Nd7 13. h4 a5 14. Na3 Ra6 15.
Qa4 f6 16. exf6 Bxf6 17. g3 Re8+ 18. Ne5 c6 19. O-O Nc5 20. Qd1 Nd7 21. c4 Rb6
22. b3 Re7 23. c5 Ra6 24. Ng6 Re3 25. Kh2 b6 26. cxb6 Rxb6 27. Ne5 c5 28. dxc5
Nxc5 29. Qxd5+ Kc8 30. Qxc5+ Kb7 31. Qxe3 Be7 32. Nac4 Re6 33. Nxa5+ Kc8 34.
Rac1+ Kd8 35. Nf7+ Kd7 36. Rfd1+ Bd6 37. Rxd6+ Rxd6 38. Nxd6 Kxd6 39. Rd1+ Kc7
40. Qc3+ Kb6 41. Rd6+ Kb5 42. a4# 1-0

[Event "Challenge"]
[Site "http://www.queenalice.com/game.php?id=764650"]
[Date "2010.4.22"]
[Round "-"]
[White "ccjr"]
[Black "Leninbicudo"]
[Result "0-1"]
[WhiteElo "1455"]
[BlackElo "1916"]

1. a3 Nf6 2. d4 d5 3. Nc3 Bf5 4. f3 e6 5. Bg5 Be7 6. Qd2 h6 7. Bh4 c5 8. e3 cxd4
9. exd4 Nc6 10. Bb5 Rb8 11. Bg3 Bd6 12. Nge2 O-O 13. O-O-O a6 14. Ba4 b5 15. Bb3
a5 16. a4 bxa4 17. Bxa4 Qb6 18. Bxd6 Qxb2# 0-1

[Event "Challenge"]
[Site "http://www.queenalice.com/game.php?id=784526"]
[Date "2010.6.2"]
[Round "-"]
[White "Leninbicudo"]
[Black "ccjr"]
[Result "1-0"]
[WhiteElo "1918"]
[BlackElo "1464"]

1. f4 d5 2. Nf3 Nf6 3. e3 g6 4. b3 Bg7 5. Bb2 Bg4 6. Be2 Nc6 7. O-O O-O 8. c4
Qd7 9. Nc3 Nb4 10. cxd5 Nbxd5 11. Nxd5 Qxd5 12. Qc2 a5 13. Bc4 Qe4 14. Qc1 c6
15. Ng5 Qf5 16. Qe1 Nd5 17. e4 Nxf4 18. exf5 Bxb2 19. Rxf4 Bxa1 20. Qxa1 Bxf5
21. g4 Bc2 22. Nxf7 h5 23. Qh8# 1-0

[Event "Challenge"]
[Site "http://www.queenalice.com/game.php?id=784624"]
[Date "2010.6.2"]
[Round "-"]
[White "ccjr"]
[Black "Delikz"]
[Result "1-0"]
[WhiteElo "1462"]
[BlackElo "1499"]

1. e4 Nf6 2. Nc3 d6 3. d4 a6 4. Nf3 Bg4 5. h3 Bxf3 6. Qxf3 e5 7. dxe5 dxe5 8. a3
Nc6 9. Bg5 Nd4 10. Qd3 b5 11. Be3 c6 12. g3 b4 13. axb4 Bxb4 14. Bg2 Qb6 15. O-O
h5 16. Na4 Qa7 17. c3 Rb8 18. cxd4 Rd8 19. Qc4 exd4 20. e5 Nd5 21. Bxd4 Qb7 22.
Bxd5 Rxd5 23. Nb6 Rb5 24. Na4 Qc8 25. Nc5 Qxh3 26. Nxa6 Qd7 27. Nxb4 h4 28. Ra8+
Ke7 29. Rxh8 hxg3 30. Nxc6+ Qxc6 31. Qxc6 Rxb2 32. Bxb2 gxf2+ 33. Rxf2 f6 34.
exf6+ 1-0

[Event "Challenge"]
[Site "http://www.queenalice.com/game.php?id=785819"]
[Date "2010.6.5"]
[Round "-"]
[White "carlossaavedra"]
[Black "ccjr"]
[Result "0-1"]
[WhiteElo "1579"]
[BlackElo "1479"]

1. e4 e5 2. Qh5 Nc6 3. Bc4 g6 4. Qf3 f6 5. Bxg8 Rxg8 6. Nc3 d6 7. Nd5 Be6 8.
Qxf6 Bxd5 9. Qxd8+ Nxd8 10. exd5 c6 11. dxc6 Nxc6 12. c3 d5 13. Ne2 O-O-O 14.
O-O Bc5 15. b4 Bb6 16. g3 d4 17. d3 dxc3 18. Nxc3 Nxb4 19. Rd1 Rgf8 20. Be3 Nxd3
21. Bxb6 axb6 22. Rab1 Nxf2 23. Rxd8+ Kxd8 24. Rxb6 Nh3+ 25. Kg2 Ng5 26. Rxb7 e4
27. h4 Kc8 28. Rg7 Ne6 29. Rxh7 e3 30. Ne2 Rf2+ 31. Kh3 Rxe2 32. Ra7 Rf2 33. Ra3
e2 34. Re3 Nd4 35. g4 Rf1 36. Kg2 Ra1 37. Re4 e1=Q 38. Rxe1 Rxe1 0-1

[Event "Challenge"]
[Site "http://www.queenalice.com/game.php?id=799915"]
[Date "2010.7.7"]
[Round "-"]
[White "ccjr"]
[Black "noopy"]
[Result "0-1"]
[WhiteElo "1573"]
[BlackElo "1360"]

1. e4 d6 2. d4 a6 3. h3 g6 4. a3 b5 5. Nf3 f6 6. Nc3 Bb7 7. Bd3 e5 8. Be3 Ne7 9.
Qd2 c6 10. O-O d5 11. dxe5 fxe5 12. Nxe5 Bg7 13. Bd4 dxe4 14. Bxe4 O-O 15. Ne2
Bxe5 16. c3 Nf5 17. Qc2 Nxd4 18. Qd3 Nxe2+ 19. Qxe2 Qb6 20. Rad1 c5 21. Qf3 Rxf3
22. gxf3 Bc6 23. Rfe1 Nd7 24. Re3 c4 25. Re2 Bxe4 26. fxe4 Nf6 27. Kf1 Rd8 28.
Rde1 Qe6 29. Kg2 Rd3 30. h4 Qg4+ 31. Kf1 Qh3+ 32. Kg1 Ng4 33. f3 Rxf3 34. Rg2
Rf2 35. Rf1 Qxg2# 0-1

[Event "Challenge"]
[Site "http://www.queenalice.com/game.php?id=800285"]
[Date "2010.7.8"]
[Round "-"]
[White "ccjr"]
[Black "Leninbicudo"]
[Result "1-0"]
[WhiteElo "1499"]
[BlackElo "1922"]

1. e4 c6 2. d4 d5 3. Nc3 g6 4. Bd3 dxe4 5. Bxe4 f5 6. Bf3 Bg7 7. Nge2 Nf6 8. h3
e6 9. Bg5 Qb6 10. O-O Qxb2 11. Rb1 Qa3 12. Rb3 Qa5 13. Qd2 O-O 14. Qc1 b6 15.
Ra3 Qb4 16. Na4 Nd5 17. Bd2 Qd6 18. Nac3 Ba6 19. Re1 Nxc3 20. Bxc3 Bxe2 21. Rxe2
Nd7 22. Rb3 1-0

[Event "AUTO-OPEN-2100"]
[Site "http://www.queenalice.com/game.php?id=831885"]
[Date "2010.9.12"]
[Round "1"]
[White "rhsatrhs"]
[Black "ccjr"]
[Result "1-0"]
[WhiteElo "2074"]
[BlackElo "1577"]

1. e4 e5 2. Nf3 Nc6 3. Bb5 a6 4. Ba4 b5 5. Bb3 Bc5 6. O-O d6 7. c3 Nf6 8. h3 O-O
9. d4 Bb6 10. Re1 h6 11. Be3 Nxe4 12. Bd5 Nxf2 13. Bxf2 Bb7 14. dxe5 Rb8 15. e6
fxe6 16. Bxe6+ Kh8 17. Bxb6 cxb6 18. Re3 Qf6 19. Bg4 a5 20. Qe2 b4 21. Re6 1-0

[Event "AUTO-OPEN-2100"]
[Site "http://www.queenalice.com/game.php?id=831886"]
[Date "2010.9.12"]
[Round "1"]
[White "ccjr"]
[Black "rhsatrhs"]
[Result "0-1"]
[WhiteElo "1575"]
[BlackElo "2076"]

1. e4 c5 2. Nf3 d6 3. d4 cxd4 4. Nxd4 Nf6 5. Nc3 a6 6. a3 e5 7. Nf5 Be6 8. g3 g6
9. Nh6 b5 10. Bg5 Be7 11. Bg2 Nc6 12. Qd2 Qd7 13. O-O O-O-O 14. Nd5 Bxd5 15.
exd5 Nd4 16. Nxf7 Qf5 17. Nxd8 Rxd8 18. c3 Nb3 19. Qe3 Nxa1 20. Rxa1 Rd7 0-1

[Event "AUTO-OPEN-2100"]
[Site "http://www.queenalice.com/game.php?id=831907"]
[Date "2010.9.12"]
[Round "1"]
[White "headhunter"]
[Black "ccjr"]
[Result "1-0"]
[WhiteElo "2481"]
[BlackElo "1581"]

1. e4 e5 2. Nf3 Nc6 3. Bc4 Nf6 4. d3 d5 5. exd5 Nxd5 6. O-O Bg4 7. h3 Bh5 8. Re1
Bb4 9. c3 Ba5 10. Nxe5 Bxd1 11. Nxc6+ Ne7 12. Nxd8 Rxd8 13. Rxd1 O-O 14. Bf4 c6
15. b4 Bb6 16. Be3 Nf5 17. Bxb6 axb6 18. a4 c5 19. b5 h6 20. Nd2 Rfe8 21. Re1
Nd6 22. Rxe8+ Rxe8 23. Kf1 Kh7 24. Re1 1-0

[Event "AUTO-OPEN-2100"]
[Site "http://www.queenalice.com/game.php?id=831908"]
[Date "2010.9.12"]
[Round "1"]
[White "ccjr"]
[Black "headhunter"]
[Result "0-1"]
[WhiteElo "1579"]
[BlackElo "2482"]

1. e4 c5 2. Nf3 d6 3. Bb5+ Nd7 4. d4 Nf6 5. Nc3 a6 6. Ba4 b5 7. Bb3 c4 8. Bg5
Bb7 9. e5 dxe5 10. dxe5 Ng4 11. Qe2 Bxf3 12. Qxf3 Ngxe5 13. Qe4 f6 14. Be3 e6
15. Qb7 Qc8 16. Qxc8+ Rxc8 17. O-O Bc5 18. Rad1 Bxe3 19. fxe3 Nc5 20. Rd6 Ke7
21. Rfd1 Rhd8 22. Rb6 Rxd1+ 0-1

[Event "Challenge"]
[Site "http://www.queenalice.com/game.php?id=896109"]
[Date "2011.2.5"]
[Round "-"]
[White "ccjr"]
[Black "noopy"]
[Result "0-1"]
[WhiteElo "1548"]
[BlackElo "1416"]

1. e4 e5 2. Nf3 d6 3. Bb5+ c6 4. Bc4 b5 5. Bb3 Na6 6. a3 Nc5 7. d4 Nxb3 8. cxb3
g6 9. dxe5 Bg4 10. exd6 Bxd6 11. h3 Bxf3 12. Qxf3 Nf6 13. O-O O-O 14. Re1 Qa5
15. b4 Bxb4 16. Qxf6 Bxe1 17. Bh6 Bxf2+ 18. Kxf2 Qb6+ 19. Kf3 Qd4 20. Qxd4 f6
21. Bxf8 Kxf8 22. Nc3 Ke7 23. Rd1 Rd8 24. Qxd8+ Kf7 0-1

[Event "Challenge"]
[Site "http://www.queenalice.com/game.php?id=919962"]
[Date "2011.3.31"]
[Round "-"]
[White "ccjr"]
[Black "noopy"]
[Result "1-0"]
[WhiteElo "1527"]
[BlackElo "1425"]

1. e4 d6 2. d4 f5 3. Nc3 Nf6 4. Bd3 e6 5. f3 h6 6. Nge2 d5 7. Bf4 Bd6 8. e5 Nh5
9. Qd2 Bb4 10. a3 Bxc3 11. Nxc3 Qh4+ 12. g3 Qh3 13. O-O-O Nxg3 14. hxg3 Qxh1 15.
Rxh1 Bd7 16. g4 Rg8 17. gxf5 Nc6 18. fxe6 Bxe6 19. Bg6+ Kd7 20. Nb5 a6 21. Nc3
Raf8 22. b3 Rh8 23. Ne2 Bf5 24. Bxf5+ Rxf5 25. Qd3 Rhf8 26. c4 dxc4 27. bxc4 g5
28. Bg3 Rxf3 29. Qh7+ R8f7 30. Qxh6 b6 31. e6+ Ke7 32. exf7 Rxf7 33. Qxc6 Kf8
34. Rh8+ Kg7 35. Be5+ Rf6 36. Qxf6# 1-0

[Event "AUTO-INT-1998"]
[Site "http://www.queenalice.com/game.php?id=920890"]
[Date "2011.4.2"]
[Round "1"]
[White "ccjr"]
[Black "Nephi_R"]
[Result "0-1"]
[WhiteElo "1479"]
[BlackElo "1726"]

1. e4 d6 2. d4 Nf6 3. Nc3 g6 4. Bb5+ c6 5. Bc4 Bg7 6. Nf3 O-O 7. O-O b5 8. Bb3
b4 9. Na4 Nxe4 10. Ng5 Nxg5 0-1

[Event "AUTO-INT-1998"]
[Site "http://www.queenalice.com/game.php?id=920892"]
[Date "2011.4.2"]
[Round "1"]
[White "ccjr"]
[Black "pablin"]
[Result "0-1"]
[WhiteElo "1522"]
[BlackElo "1543"]

1. e4 e5 2. Nf3 Nf6 3. Nc3 Nc6 4. Bb5 a6 5. Ba4 Bc5 6. d3 O-O 7. a3 b5 8. Bb3 d6
9. Nd5 Ng4 10. h3 Nxf2 11. Qe2 Nxh1 12. Bg5 Nd4 13. Qf1 Ng3 14. Qf2 Nxb3 15.
cxb3 Bxf2+ 0-1

[Event "AUTO-INT-1998"]
[Site "http://www.queenalice.com/game.php?id=920893"]
[Date "2011.4.2"]
[Round "1"]
[White "pablin"]
[Black "ccjr"]
[Result "1-0"]
[WhiteElo "1526"]
[BlackElo "1539"]

1. d4 h6 2. c4 e6 3. Nc3 d5 4. cxd5 exd5 5. Nf3 Bg4 6. h3 Bh5 7. Bf4 Nf6 8. Qb3
c6 9. Qxb7 Nbd7 10. Qxc6 Bb4 11. Ne5 O-O 12. e3 Rc8 13. Qa4 Rb8 14. Nc6 Qb6 15.
Nxb8 Rxb8 16. Bxb8 Nxb8 17. Bd3 1-0